Zákon o potravinách

Niektoré momenty z potravinového práva Európy, ktoré sa využili pri tvorbe zákona o potravinách v SR. Spoločný program FAO/WHO o potravinových normách. Všeobecné medzinárodné princípy ochrany spotrebiteľa v oblasti potravín vychádzajúce z Rezolúcie OSN. Harmonizácia legislatívy v rámci Európskej doh...

Ausführliche Beschreibung

Gespeichert in:
Bibliographische Detailangaben
1. Verfasser: Babulíková, M.
Format: Buchkapitel
Sprache:Slowakisch
Schlagworte:
Tags: Tag hinzufügen
Keine Tags, Fügen Sie das erste Tag hinzu!

MARC

LEADER 00000naa a2200000 4500
001 r019335
005 20221213101524.2
041 0 |a slo 
044 |a SK 
245 1 0 |a Zákon o potravinách  |c M. Babulíková 
520 |a Niektoré momenty z potravinového práva Európy, ktoré sa využili pri tvorbe zákona o potravinách v SR. Spoločný program FAO/WHO o potravinových normách. Všeobecné medzinárodné princípy ochrany spotrebiteľa v oblasti potravín vychádzajúce z Rezolúcie OSN. Harmonizácia legislatívy v rámci Európskej dohody. Dôvody a charakteristika novej právnej úpravy zákona o potravinách. Členenie zákona o potravinách do siedmich častí. 
610 2 0 |a zákony 
610 2 0 |a legislatíva 
610 2 0 |a potraviny 
610 2 0 |a Slovensko 
610 2 0 |a Európska únia 
610 2 0 |a normy právne 
610 2 0 |a ochrana spotrebiteľa 
610 2 0 |a FAO 
100 1 |a Babulíková, M.